| 000 | 00653nam a22002177a 4500 | ||
|---|---|---|---|
| 005 | 20240517050017.0 | ||
| 008 | 240517b |||||||| |||| 00| 0 eng d | ||
| 020 | _a9789393864956 | ||
| 040 |
_aIN-DiNC _cIN-DiNC |
||
| 041 | _deng | ||
| 082 |
_a954.162 _bGOA |
||
| 245 |
_aGoalpara: _bhistory, culture and society/ _ced. by Md. Johirul Hoque and Nazarul Islam |
||
| 250 | _a1st ed. | ||
| 260 |
_aGuwahati: _bAssam College Teachers Association, _c2024. |
||
| 300 | _a344p. | ||
| 650 | _aCultural history of Goalpara | ||
| 650 | _aSociety of Goalpara | ||
| 700 |
_aHoque, Md. Johirul _eEditor |
||
| 700 |
_aIslam, Nazarul _eEditor |
||
| 942 |
_2ddc _cBK |
||
| 999 |
_c11817 _d11817 |
||